LDR 01294nam#a2200193#i#450# 001 5051 005 20260426133440.7 008 _ 20260415d2026####ek#y0engy0150####ca 020 ## _$a978-5-9228-3168-0 041 0# _$aRUS 044 ## _$axxu 080 ## _$aАнглийский язык. 811.111 100 #1 _$aBankov, Andrey Sergeevich _$aMoscow State Institute of International Relations (University) of the Ministry of Foreign Affairs of the Russian Federation 245 00 _$aRendering of Journalistic Writings _$cTextbook 260 1# _$aMoscow _$bMGIMO University Publishing House _$c2026 300 ## _$a77 p. 500 ## _$aThe textbook is aimed at developing the skill of rendering publicistic texts on socio-political topics in English. Methodological recommendations for teachers are provided, while students are given detailed instructions and examples on how to perform rendering, as well as requirements for the structure and content of a rendition. The practical part presents a series of texts intended for rendering, distributed by topic. Each text is accompanied by additional questions and tasks allowing a simulation of an exam, thus familiarizing the learners with its format. _$arendering, rendition, English _$a10.63861/3168-0 533 ## _$aThere is an electronic copy 856 4# _$adom.mgimo.ru _$u